Future of tourism

Niektoré trendy v súčasnom cestovnom ruchu. Aktuálna situácia v cestovnom ruchu. Faktory a trendy ovplyvňujúce cestovný ruch. Prognózy do budúcnosti. Využitie všeobecných vedeckých metód - analýza, syntéza, indukcia, dedukcia a porovnanie.

Saved in:
Bibliographic Details
Main Author: Vačková, Andrea
Format: Book Chapter
Language:English
Subjects:
Tags: Add Tag
No Tags, Be the first to tag this record!

MARC

LEADER 00000naa$a2200000$$$4500
001 0093621
005 20240517104015.4
041 0 |a eng 
044 |a CZ 
245 1 0 |a Future of tourism  |c Andrea Vačková 
520 |a Niektoré trendy v súčasnom cestovnom ruchu. Aktuálna situácia v cestovnom ruchu. Faktory a trendy ovplyvňujúce cestovný ruch. Prognózy do budúcnosti. Využitie všeobecných vedeckých metód - analýza, syntéza, indukcia, dedukcia a porovnanie. 
610 2 0 |a ruch cestovný 
610 2 0 |a turistika 
610 2 0 |a prognózy 
610 2 0 |a metódy výskumu 
100 1 |a Vačková, Andrea